Score 0/26 Timer 03:00
0 Plays Today
Clue 4-Letter Word % Correct
Money for a bus rideFARE
93.6%
With other blue, #1 social networking siteFACE
93.4%
With other blue, #1 social networking siteBOOK
86.8%
UnclothedBARE
85.5%
Home for the birdsNEST
85.2%
Mail the e-mailSEND
82.8%
Dozens of inchesFEET
81.8%
Woof or arf relativeBARK
78.9%
Drill a hole intoBORE
76.5%
Relative of the salamanderNEWT
75.6%
Predecessor of a sproutSEED
75.3%
Oft pulled meatPORK
74.9%
Your stream of friend info, with other pinkFEED
74.4%
Clue 4-Letter Word % Correct
A galaFEST
73.5%
Cry from a Tiger?FORE
72.9%
Your stream of friend info, with other pinkNEWS
72.1%
A fortified winePORT
71%
Comment from a Muppet chefBORK
66.2%
Part of a fencePOST
64.8%
Eliot of the UntouchablesNESS
64.4%
Tan out in the sunBASK
63.1%
A buzzing fly, e.g.PEST
62.5%
Wife of Harry TrumanBESS
61.7%
Fishy instrument?BASS
59.1%
Confined or repressedPENT
51.4%
HangPEND
51.3%

Today's Daily Dose

Remove Ads.
Support Sporcle.
Get the best of Sporcle when you Go Orange. This ad-free experience offers more features, more stats, and more fun while also helping to support Sporcle. Thank you for becoming a member.

You're not logged in!

Compare scores with friends on all Sporcle quizzes.
OR
Log In

Show Comments

Extras

Top Quizzes Today


Score Distribution

Your Account Isn't Verified!

In order to create a playlist on Sporcle, you need to verify the email address you used during registration. Go to your Sporcle Settings to finish the process.

Report this User

Report this user for behavior that violates our Community Guidelines.

Details: